Statistiques concernant Culture Générale - Série 1106

Cliquez ici pour prendre le quiz!

Statistiques générales

  • Ce quiz a été pris 81 fois
  • Le résultat moyen est 5 sur 10

Statistiques - réponses

QuestionRéponse% Correct
Quel dictateur européen a-t-on surnommé "Le Duce" ?Benito Mussolini
94%
Quel astre rythmait la vie des Gaulois et servait à compter le temps ?lune
85%
Les croisades se sont étendues sur plusieurs siècles, mais n’ont duré que quelques années, il y en a eu :9
66%
Quelle comédie d'Eric Lartigau a réuni Louane Emera, Karin Viard et François Damiens?La famille Bélier
66%
Quel était le prénom du grand-père de Clovis 1er, qui a donné son nom à la dynastie fondée par ce dernier ?Mérovée
47%
L'OTAN a été créée en 1949. De combien d'états est-elle actuellement composée ?29
43%
De quel pays Naypyidaw est-elle la capitale ?Myanmar
31%
Petit amas de matière sébacée qui bouche un pore de la peau (point noir).comédon
28%
Saint Louis rendait la justice sous un chêne de la forêt de ...Vincennes
18%
On connait mieux Archibald Leach , acteur fétiche d'Alfred Hitchcock,sous le pseudonyme de ...Cary Grant
16%

Distribution des résultats

Percentile par nombre de réponses

% des personnes avec chaque résultat

Votre développement - résultats

Vous n’avez pas pris ce quiz